000 00888nam a2200265 a 4500
001 000008621
003 OSt
005 20260321073639.0
007 ta
008 090626s2002 dr 000 0 spa d
020 _a9993461081
040 _aDO-SdBNP
_bspa
_cBNPHU
082 4 _aRD863.44
_bB742ma
_222
100 1 _a Bosch, Juan,
_d1909-2001
_976555
245 1 3 _aLa Mañosa :
_bnovela de las revoluciones /
_cJuan Bosch ; presentación Manuel Lara Hernández.
260 _aSanto Domingo :
_bBanco de Reservas de la República Dominicana,
_bFundación Juan Bosch,
_c2002.
300 _a183 p. ;
_c27 cm.
590 _aInventariado, 2020/VM
650 0 _aNovela dominicana
_9223
650 0 _aLiteratura dominicana.
_967
700 1 _aPiña-Contreras, Guillermo
_95716
700 1 _aLara Hernández, Manuel
_923055
910 _aValidado. Control de calidad MMOLINA
942 _2ddc
_cLBS1
999 _c8391
_d8391